[Event "MK Cafe Cup-A"]
[Site "Koszalin"]
[Date "1999.08.10"]
[Round "7"]
[White "Khenkin, Igor"]
[Black "Tregubov, Pavel V"]
[Result "1-0"]
[WhiteElo "2633"]
[BlackElo "2609"]
[Annotator "Tsesarsky,I"]
[PlyCount "67"]
[EventDate "1999.08.03"]
[EventType "swiss"]
[EventRounds "9"]
[EventCountry "POL"]
[SourceTitle "CBM 073"]
[Source "ChessBase"]
[SourceDate "1999.12.01"]
[SourceVersion "1"]
[SourceVersionDate "1999.12.01"]
[SourceQuality "1"]

1. d4 d5 2. c4 c6 3. Nf3 e6 4. Qc2 dxc4 5. Qxc4 Nf6 6. Bg5 Be7 (6... Qb6 7.
Nbd2 $5 (7. Qc2 c5 (7... Nbd7 8. Nc3 c5 9. O-O-O Bd6 10. e4 (10. Na4 Qa5 11.
dxc5 Bxc5 12. Bxf6 gxf6 13. Nxc5 Qxc5 14. e3 Qxc2+ 15. Kxc2 Ke7 $11) 10... cxd4
11. Nxd4 O-O 12. f4 Bxf4+ (12... e5 13. Nf5 Bb4 14. Nd5 $1 $16) 13. Bxf4 e5 14.
Be3 Ng4 $132) (7... Ne4 $5 8. Bf4 Bb4+ (8... Nd7 9. Nc3 Nxc3 10. bxc3 $14) (
8... c5 9. e3 Nc6 10. Nc3 Nf6 11. Bb5 $14) 9. Nc3 Qa5 10. Rc1 Nxc3 11. bxc3 Ba3
12. Rb1 O-O 13. e4 $14) 8. Nbd2 Qa5 9. e3 Nc6 10. Bxf6 gxf6 11. dxc5 Qxc5 12.
Qxc5 Bxc5 13. Bb5 Bd7 $11 {1/2-1/2 Danner,G-Hoelzl,F/Budapest Elekes Mem 1994 
(50)}) 7... Qxb2 8. Rb1 Qa3 9. e4 b6 $44 {1-0 Sakaev,K-Tregubov,P/ch-RUS, St
Petersburg RUS 1998 (29).}) (6... b5 7. Qc2 Bb7 8. Nc3 (8. Bxf6 gxf6 (8... Qxf6
9. Nc3 Nd7 10. e3 a6 11. Bd3 c5 12. Be4 Bxe4 13. Qxe4 Qd8 14. O-O cxd4 15. Nxd4
Bc5 $11) 9. e3 Nd7 10. Be2 a6 11. a4 b4 12. Nbd2 c5 13. O-O Rc8 $11 {0-1
Ivanov,S-Kharlov,A/Russian Club Cup, Maikop RUS 1998 (35)}) (8. e3 Nbd7 9. Nbd2
Qb6 10. Be2 (10. a4 bxa4 11. Rxa4 c5 12. Nc4 Qc7 13. Bxf6 Nxf6 14. Nce5 Bd6 15.
Bb5+ Ke7 $15) 10... c5 11. O-O Rc8 12. Rac1 $11 {1-0 Ibragimov,I-Lugo,B/New
York 1998/CBM 64/ (20)} (12. Qb3 c4 13. Qc2 Nd5 $132)) (8. e4 a6 9. Nc3 Nbd7
10. e5 h6 11. Bd2 b4 12. exf6 bxc3 13. bxc3 Nxf6 14. Rb1 Rb8 15. Ne5 Bd6 16.
Be2 {1/2-1/2 Ionov,S-Solovjov,S/St.Petersburg (Russia) 1998 (16)}) 8... Nbd7 9.
e3 a6 10. Be2 (10. a4 c5 $132) 10... c5 $11 {1/2-1/2 Brunner,L-Stangl,M/BL
1995 (23)}) (6... h6 $6 7. Bxf6 Qxf6 8. e4 Nd7 9. Nc3 a5 10. Be2 Qd8 11. O-O
$14 {1-0 Krasenkow,M-Volkov,S/Polish TV KO, Swidnica POL 1997 (49)}) 7. e3 (7.
Nc3 O-O 8. e4 h6 9. Bh4 Qb6 10. O-O-O $14 (10. b3 Qa5 11. e5 Bb4 $17 {0-1
Tepperman,D-Kirshner,M/Palo Alto 1992 (14)})) 7... O-O (7... b6 8. Nc3 Ba6 9.
Qa4 Bxf1 10. Rxf1 O-O 11. Bxf6 Bxf6 12. Ke2 c5 13. Rfd1 cxd4 14. Ne4 e5 15.
exd4 exd4 16. Nxf6+ Qxf6 17. Qxd4 Qg6 18. Kf1 $11 {1/2-1/2 Atalik,S-Krasenkow,
M/Elista RUS 1998 (19)}) 8. Bd3 (8. Be2 Qa5+ 9. Nc3 Nbd7 10. O-O e5 11. Ne4 (
11. Bxf6 Bxf6 12. Ne4 exd4 (12... Be7 13. Rfd1 Nb6 14. Qc2 f5 15. Ned2 e4 16.
Nc4 $14) 13. Nxd4 (13. Nxf6+ Nxf6 14. Nxd4 $11) 13... Be5 14. Rfd1 $11) (11.
Rfd1 exd4 12. Qxd4 Rd8 13. Rac1 (13. e4 Nc5 $132) 13... Nc5 14. Qh4 Be6 15. Nd4
$11 (15. b4 Rxd1+ 16. Rxd1 Qa3 17. bxc5 Qxc3 18. Bd3 h6 19. Bxf6 Bxf6 20. Qe4
g6 $17)) 11... exd4 (11... Nxe4 12. Bxe7 Re8 13. Bb4 Qb6 14. Rad1) 12. Qxd4 Qb6
13. Rfd1 Re8 $11 {1/2-1/2 Ivanchuk,V-Anand,V/Las Palmas sp 1996/ (29)} (13...
h6 14. Bh4 c5 $11)) 8... Na6 $14 {[%cal Gc6c5]} (8... h6 9. Bxf6 Bxf6 10. Nc3
Nd7 11. Rd1 $14 {1-0 Kramnik,V-Lautier,J/Tilburg NED 1998 (24)}) (8... Nbd7 9.
O-O h6 10. Bh4 $14) 9. O-O c5 (9... Qb6 10. Nbd2 (10. Nc3 Qxb2 $15) 10... Qxb2
(10... c5) 11. Bxh7+ Kxh7 12. Rab1 Qa3 13. Qc2+ Kg8 14. Nc4 Nb4 15. Rxb4 Qxb4
16. Rb1 Nd5 17. Rxb4 Nxb4 18. Qb3 $14) 10. dxc5 Nxc5 11. Bxf6 gxf6 (11... Bxf6
$2 12. Bxh7+ $1 Kxh7 (12... Kh8 13. Qxc5 Bxb2 14. Qh5 $18) 13. Qxc5 Bd7 (13...
Bxb2 14. Qc2+ $18) 14. Nc3 Bc6 15. Rfd1 Qb6 16. Qh5+ Kg8 17. Rab1 $16) 12. Bc2
f5 $2 $16 (12... Bd7 13. Nc3 (13. Qg4+ Kh8 14. Rd1 f5 15. Qd4+ Kg8 16. Ne5 Be8
17. Nc3 (17. Qf4 Qb8 (17... Qb6 18. Nc4 Qa6 19. Nc3 Bf6 20. Rd6 $16) 18. Nc3 f6
19. Nd3 Bh5 20. Rd2 Nxd3 21. Rxd3 Qxf4 22. exf4 Rfd8 23. Re1 Kf7 24. Rxd8 Rxd8
25. Bb3 Rd6 26. Nb5 Rd2 27. Rxe6 Rxb2 28. Re1+ Kf8 29. Nd4 Bf7 30. Nxf5 Bc5 $44
) 17... Qxd4 18. exd4 Nd7 19. Nxd7 Bxd7 20. d5 Rfd8 $132) 13... Rc8 14. Rfd1 f5
15. Ne5 (15. Qf4 Bf6 (15... Qc7 16. Qh6 $16) 16. Ne5 (16. Rd6 Qe7 17. Rad1 Rfd8
18. Qg3+ Kf8 19. Ne5 Be8 $11) 16... Qc7 17. Nxd7 Nxd7 18. Qf3 $14) 15... Qb6
16. Rab1 Bf6 17. Qf4 Qc7 18. Qg3+ Kh8 19. Nxd7 Nxd7 20. Qf3 $14) 13. Rd1 Qc7
14. Nc3 a5 (14... Bd7 15. b4 $18) (14... Na6 15. Qe2 Bd7 16. Rac1 (16. e4 $16)
16... Rfd8 17. e4 $16) 15. e4 fxe4 16. Nxe4 b5 (16... Qf4 17. Qe2 b6 18. Nxc5
Bxc5 19. Qd3 f5 20. Qe2 Ra7 21. Bb3 Qe4 22. Rd2 a4 23. Bc4 $16) 17. Qe2 Bb7 18.
Nxc5 Bxc5 $2 $18 (18... Qxc5 19. Ne5 Rac8 20. Rac1 Qb4 21. Qh5 (21. Rd7 Be4 22.
Nd3 Qc4 (22... Bxd3 23. Qxd3 f5 24. Rd1 $16) 23. b3 (23. Qd2 Rfd8 24. Rxe7 Bxd3
25. Qg5+ Bg6 $19) 23... Bxd3 $8 24. Rxd3 Qf4 25. Rcd1 Rfd8 26. Rg3+ Kh8 27. Bd3
Qf6 (27... Rc1 28. Qb2+ $18) 28. Qh5 h6 29. Rh3 Kg7 30. Qxb5 $16) 21... Qh4 22.
Bxh7+ Kg7 23. Qxh4 Bxh4 24. Bd3 Rfd8 $14) 19. Ne5 $2 $14 (19. Ng5 Kg7 (19...
Bd6 20. Bxh7+ Kg7 21. g3 $18) 20. Nxh7 $18) 19... Rfd8 20. Qg4+ $4 $17 (20.
Rac1 Rxd1+ 21. Rxd1 Bd5 (21... Rd8 22. Rxd8+ Qxd8 23. Qh5 $18 {[%csl Rf7,Rh7]})
22. Be4 $5 (22. Bb1 f5 $1 23. Rd3 (23. g4 Bd6 $17) (23. Bd3 Bd6 24. f4 Bxe5 (
24... b4 25. Bxf5 $16) 25. fxe5 Bxa2 26. Bxb5 $11) 23... Kh8 $11) (22. Bd3 $1
Bd6 (22... Bxa2 23. Qe4 $18) (22... b4 23. Qg4+ Kf8 24. Qg5 Bd6 (24... f5 25.
Qf6+ Kg8 26. Bxf5 Bxf2+ 27. Kf1 exf5 28. Rxd5 $16) 25. Rc1 (25. Qh6+ Ke7 26.
Rc1 Qd8 27. Qg5+ (27. Nc4 Rc8 28. Qxh7 $14 (28. Nxd6 Rxc1+ 29. Qxc1 Qxd6 $11))
27... Kf8 28. Qh5 $14) 25... Qd8 26. Qh5 Bxe5 27. Qxe5 $14) 23. Ng4 (23. Qg4+
Kf8 24. Nf3 $11) 23... Kh8 24. Nf6 Bxh2+ 25. Kh1 Qe5 26. Nxd5 exd5 27. g3 $18)
22... Bxe4 23. Qxe4 Rd8 24. Qg4+ (24. Rxd8+ Qxd8 25. g3 (25. Nd3 Qd4 $11) 25...
Qd2 26. Nd3 Bf8 27. h4 h6 $132) 24... Kf8 25. Rxd8+ Qxd8 26. Qh5 Qc7 27. Nd3
Bd6 28. Qxh7 Qc2 29. g3 Qb1+ 30. Kg2 Qxa2 31. h4 $132) 20... Kf8 (20... Kh8 $2
$18 21. Qf4 Bxf2+ 22. Kf1 $1 Qxc2 (22... Bb6 23. Rxd8+ $2 (23. Qf6+ $1 Kg8 24.
Qg5+ Kf8 (24... Kh8 25. Rxd8+ Rxd8 26. Qxd8+ $18) 25. Bxh7 $18 {And now Black
can't play Rd2.}) 23... Rxd8 24. Qf6+ Kg8 25. Qg5+ Kf8 $1 (25... Kh8 26. Qxd8+
$1 $18) 26. Bxh7 Rd2 $1 27. Qxd2 Qxe5 $44) (22... Rxd1+ 23. Rxd1 Qxc2 24. Qf6+
Kg8 25. Qxf7+ Kh8 26. Qf6+ Kg8 27. Rd8+ Rxd8 28. Qxd8+ Kg7 29. Qg5+ Kf8 30.
Qf6+ $18) 23. Qf6+ Kg8 24. Qxf7+ Kh8 25. Qf6+ Kg8 26. Rxd8+ $18) 21. Qf4 (21.
Be4 Qxe5 (21... f5 22. Qf4 $1 $18) 22. Bxb7 Rab8 23. Bc6 Qxb2 $17 (23... Bxf2+
$17)) 21... Bd6 (21... Bxf2+ $2 22. Kh1 Bb6 23. Qh6+ Ke8 24. Qg7 Bc5 25. Bd3
Bc6 (25... Rxd3 26. Rxd3 Bf8 27. Qg5 $18 {[%csl Re8][%cal Ga1f1]}) 26. Rac1 $18
) 22. Rxd6 $8 (22. Qh6+ Ke8 23. Rxd6 Qxd6 $17) 22... Rxd6 23. Bxh7 Rad8 $2 $11
(23... f5 $1 {This paradoxal move was provide to Black an advantage.} 24. Qh6+
(24. Qh4 Qg7 25. Ng6+ Ke8 26. Re1 Rad8 $17) (24. Bg6 Rad8 25. h4 Rd4 $17) 24...
Qg7 25. Ng6+ Kf7 26. Qh5 Rc8 (26... Kf6 27. Qh4+ Kf7 28. Qe7#) 27. Re1 Rc4 28.
g3 Re4 29. Rc1 Rd2 30. h4 Ke8 31. Ne5+ Ke7 32. Nf3 Rc4 $17) 24. h4 (24. Qh6+
Ke8 25. Bd3 $1 Rxd3 26. Qh8+ Ke7 27. Qh4+ Kf8 28. Qh8+ $11) (24. Qg4 Rd5 25.
Qg8+ Ke7 26. Qg5+ (26. Qxf7+ Kd6 $19) 26... Ke8 27. Qg8+ $11) 24... Kg7 (24...
f5 25. Qh6+ Qg7 26. Ng6+ Kf7 27. Ne5+ Kf8 (27... Qxe5 28. Bg6+ Kf6 29. Bh5+ Ke7
30. Qh7+ Kf6 31. Qf7#) 28. Ng6+ $11) 25. Bc2 (25. Bd3 Qe7 26. Qg3+ Kf8 27. Qf4
$11) 25... f6 (25... Qe7 $132) 26. Qg4+ Kf8 27. Ng6+ Kf7 28. Qh5 Rg8 $4 $18 (
28... Kg7 29. Ne5 Kg8 30. Ng6 Qg7 31. Qxb5 $132) {[%tqu "En","?","","","g6e7",
"",10]} 29. Ne7+ $1 Kf8 (29... Kxe7 30. Qh7+ Kd8 31. Qxg8+ Kd7 32. Qf7+ Kc8 33.
Qe8+ $18) 30. Qh6+ Rg7 31. Qxf6+ Ke8 32. Qxg7 Qxc2 (32... Qxe7 33. Qg8+ Kd7 34.
Qb8 $18) 33. Ng6 Rd1+ 34. Kh2 1-0

[Event "EU-ch 1st"]
[Site "Saint Vincent"]
[Date "2000.07.07"]
[Round "5"]
[White "Mikhalevski, Victor"]
[Black "Rabinovich, Alexander"]
[Result "1/2-1/2"]
[WhiteElo "2532"]
[BlackElo "2424"]
[Annotator "Tsesarsky,I"]
[PlyCount "87"]
[EventDate "2000.07.03"]
[EventType "swiss"]
[EventRounds "11"]
[EventCountry "ITA"]
[SourceTitle "CBM 078"]
[Source "ChessBase"]
[SourceDate "2000.10.18"]
[SourceVersion "1"]
[SourceVersionDate "2000.10.18"]
[SourceQuality "1"]

1. d4 d5 2. c4 c6 3. Nf3 e6 4. g3 dxc4 5. Bg2 b5 6. O-O Bb7 7. a4 Nd7 8. Nc3 a6
(8... b4 $6 $146 {See comments to the game 1-0 Mikhalevski,V-Rabinovich,A/Tel
Aviv 1999/CBM 70/[Mikhalevski,V] (31)}) 9. Ne5 (9. e4 Ngf6 10. Qc2 (10. e5 Nd5
11. Ng5 h6 12. Qh5 g6 13. Qh3 Be7 14. Nce4 Kf8 15. Nd6 Bxd6 16. exd6 N7f6 $17 {
0-1 Maherramzade,J-Burmakin,V/Ubeda 1997/(33)}) 10... Bb4 11. Rd1 h6 12. axb5
cxb5 13. d5 exd5 14. Nxd5 Nxd5 15. exd5 O-O $15 {1/2-1/2 Geller,A-Radonjanin,V/
Pula tt 1990/] (61)}) 9... Nxe5 (9... Ngf6 10. Bxc6 Bxc6 11. Nxc6 Qc8 {See
comments to the game 1-0 Fominyh,A-Filippov,V/Elista 1996/CBM 56/[Khalifman] 
(21)}) (9... Ne7 10. axb5 (10. Nxf7 Kxf7 11. Ne4 Kg8 12. Ng5 Nf6 13. axb5 Bc8
14. bxc6 $40 {1-0 Mikhalevski,V-Rabinovich,A/Antwerp BEL 1999/ (35)}) 10...
axb5 (10... Nxe5 $5 11. bxa6 Nd7 12. Ne4 Nf5 13. g4 (13. Bg5 f6 14. axb7 Rxa1
15. Qxa1 fxg5 $15) 13... Rxa6 14. Rxa6 Bxa6 15. gxf5 exf5 16. Ng3 $44) 11. Rxa8
Bxa8 12. Nxd7 Qxd7 13. e4 g6 (13... Ng6 $2 14. h4 Bb4 15. h5 Ne7 16. h6 $1 {
See comments to the game  1/2-1/2 Romanishin,O-Krasenkow,M/Lviv UKR 2000/
[Tsesarsky] (47)}) 14. e5 Bg7 15. Ne4 O-O 16. Bg5 Nd5 $15 (16... Qa7 17. Qa1 $2
$17 {0-1 Solozhenkin,E-Tregubov,P/Russian Club Cup, Maikop RUS 1998/ (44)} (17.
Nf6+ $44))) 10. dxe5 Ne7 (10... Qb8 11. Ne4 Be7 12. Bf4 Qc7 13. axb5 cxb5 14.
Qd4 Kf8 15. Rfd1 Bd5 16. Nd6 Bxg2 17. Kxg2 Qc6+ 18. Qe4 Qxe4+ 19. Nxe4 Bb4 20.
Rd7 a5 21. Rad1 $44 {1/2-1/2 Tatai-Nikolic/Bari 1970/ (43)}) (10... Qc7 11. Ne4
(11. axb5 axb5 12. Rxa8+ Bxa8 13. Nxb5 cxb5 14. Bxa8 Ne7 $11 (14... Bc5 15. b3
Ne7 16. bxc4 O-O 17. Be4 Qxe5 18. Qc2 f5 19. Bg2 bxc4 $11)) 11... Qxe5 (11...
Rd8 12. Qc2 $44 {1-0 Borovikov,V-Santos,C/EU-chJ Sas van Ghent 1992/ (28)}) 12.
Qc2 $44 {-Mikhalevski V. I absolutely agree with this evaluation:} Bb4 (12...
Nf6 $5 13. Bf4 $1 (13. axb5 Qxb5 {Here White B remain on c1} (13... axb5 $6 14.
Bf4 Qd4 15. Rxa8+ Bxa8 16. Ra1 (16. Rd1 Qa7 17. Nd6+ Bxd6 18. Bxd6 c5 19. Bxa8
Qxa8 20. Bxc5 Ne4 21. Bb4 h5 $15) 16... Qd8 17. Nxf6+ gxf6 18. b3 Bc5 19. Bc7
Qc8 20. bxc4 Bd4 21. Ra2 O-O $44) 14. Nd2 Bb4 15. Nxc4 O-O $17) 13... Qf5 14.
axb5 Qxb5 15. Nd2 $1 (15. Nxf6+ gxf6 $15) 15... Nd5 16. Nxc4 Nxf4 17. gxf4 Rc8
{[%csl Gc6]} (17... a5 18. Qa4 Qxa4 19. Rxa4 Bb4 20. Rfa1 (20. Rxb4 axb4 21.
Nd6+ Ke7 22. Nxb7 Ra2 $15) 20... Ke7 21. Nxa5 $11) (17... Bb4 $2 18. Ra5 $1 $16
) 18. Rfc1 Be7 (18... Bb4 19. Ra5 Bxa5 20. Nd6+ Ke7 21. Nxb5 cxb5 22. Qb1 $14 (
22. Bxb7 Rxc2 23. Rxc2 $11)) 19. Na5 Ba8 20. Bxc6+ Bxc6 21. Nxc6 Bf6 (21... g5
22. f5 $1 $132) 22. Qe4 O-O 23. Rc2 Rc7 24. Rac1 Kh8 25. Ne5 $11) 13. Bf4 Qh5
14. axb5 cxb5 15. Nd6+ Bxd6 16. Bxb7 Rd8 17. Bc6+ Ke7 18. Bxd6+ Rxd6 19. Rxa6
Nf6 20. Ra7+ Nd7 21. Rd1 Rd8 22. Rxd6 Kxd6 $44) 11. axb5 ({Immediately} 11. Bg5
h6 ({Interesting is also} 11... Qb8 12. Ne4 Nd5 13. Nd6+ Bxd6 14. exd6 h6 15.
Bc1 (15. d7+ Kxd7 16. Bd2 (16. Bc1 f5 17. e4 fxe4 18. Bxe4 Qe5 $17) 16... f5
17. Bc3 Rg8 18. e4 fxe4 19. Bxe4 Qd6 20. f4 Nxc3 $17) 15... O-O 16. e4 Nb4 17.
e5 (17. Qg4 f5 18. exf5 exf5 $17) 17... Nd3 18. Qh5 f6 19. Bxh6 Nxe5 20. Bf4
Qxd6 21. Rae1 $44) 12. Bxe7 Bxe7 13. axb5 axb5 14. Nxb5 Rxa1 15. Qxa1 (15.
Qxd8+ Kxd8 16. Rxa1 cxb5 17. Bxb7 Kc7 $11) 15... cxb5 16. Bxb7 {was not bring
to White any advantage, so V.Mikhalevski tries 11.axb5} O-O 17. Qa6 Qc7 18. Bc6
Qxe5 {1/2-1/2 Mikhalevski,V-Tregubov,P/Cappelle La Grande FRA 2000/ (18)})
11... axb5 12. Bg5 (12. Nxb5 $6 cxb5 13. Qxd8+ Kxd8 14. Rxa8+ Bxa8 15. Bxa8 $15
{0-1 Filippov,V-Burmakin,V/St. Petersburg 1998/CBM 67 noVC (46)}) 12... Rxa1 $1
{Right desicion} ({Wrong was} 12... Qc8 13. Rxa8 ({Or} 13. Ne4 {[%cal Ge4d6]}
Nf5 (13... Rxa1 14. Nd6+ $18) 14. Rxa8 Bxa8 15. g4 {-like in the next variation
}) 13... Bxa8 14. Ne4 {[%cal Ge4d6]} Nf5 15. g4 h6 $8 16. Bf4 $1 ({Not} 16.
gxf5 exf5 (16... hxg5 17. f6 g6 18. Qd2 $16) 17. Nd6+ Bxd6 18. exd6 hxg5 19.
Qd4 O-O $15) 16... Nh4 17. Bh1 Ng6 (17... c5 18. Bg3 Ng6 19. f4 Be7 20. f5 $16)
18. Bg3 h5 19. e3 (19. h3 hxg4 20. hxg4 c5 $17 {[%csl Re4,Rh1][%cal Gh8h1]})
19... hxg4 20. Qxg4 c5 21. Rd1 Bxe4 22. Bxe4 Ne7 23. Ra1 $16 {[%csl Re8][%cal
Ga1a8,Gg4f3]}) (12... Qxd1 13. Rxa8+ ({Interesting also is} 13. Rfxd1 $14)
13... Bxa8 14. Rxd1 $14) 13. Qxa1 Qc8 ({Another good continuation was} 13...
Qc7 {[%cal Gc7e5]} 14. Qa7 Nd5 15. Ne4 h6 16. Bd2 f5 17. Nd6+ (17. exf6 gxf6
18. Nc5 {[%csl Rb7,Re6]} Bxc5 (18... Bc8 19. Qxc7 Nxc7 20. Bxc6+ Kf7 21. Ne4
$14) 19. Qxc5 Qe7 20. Qa7 Kf7 $15) 17... Bxd6 18. exd6 Qc8 19. f3 O-O 20. e4
fxe4 21. fxe4 Rxf1+ 22. Bxf1 Nf6 23. e5 Nd5 $44 (23... Nd7 24. Bh3 Nxe5 25. Qe3
Nf7 26. Bxe6 $18 {[%csl Rb7,Gd2,Gd6,Ge6,Rf7][%cal Gd6d7]})) 14. Qa7 Nd5 15. Ne4
c5 $2 $16 {Bad move} ({Right was immediately} 15... h6 $1 16. Bd2 ({Also
interesting but not so strong as in this game on the 17-th move} 16. Be3 Nxe3
17. fxe3 (17. Qxe3 Be7 18. Nd6+ (18. Nc5 O-O $17) 18... Bxd6 19. exd6 O-O $17)
17... Be7 18. Nc5 Bxc5 19. Qxc5 Qd7 20. Rf4 {[%cal Gf4d4]} (20. Ra1 Kd8 $15)
20... h5 21. Rd4 Qc7 22. h3 (22. Rd6 O-O 23. Bf3 g6 $17) 22... h4 23. g4 f6 24.
Rd6 $44) 16... f5 17. exf6 gxf6 $44) 16. Rd1 h6 17. Be3 $1 {Seems this strong
move was missed by Rabinovich} Be7 ({Now} 17... Nxe3 $2 {met by} 18. Nf6+ $1
gxf6 19. Bxb7 {and White wins}) 18. Nd6+ Bxd6 19. exd6 {[%csl Rc5]} O-O 20.
Bxd5 $2 $14 ({Very strong was} 20. Bxc5 $1 Qd7 {[%cal Gf8a8]} 21. e4 $1 {
It is not so easy to deside to sacrifice Q, must properly evaluate position
after 25-th move} Nf6 (21... Ra8 $2 22. Qxa8+ Bxa8 23. exd5 Bxd5 24. Bxd5 exd5
25. Rxd5 f6 26. Rd2 {White's plan is simply:to promote Pd and to avoid
perpetuum check.} g5 (26... Kh7 27. h4 $1 {[%csl Gg1]} (27. Re2 Qg4 28. Rd2 Qd7
$11) 27... Kg6 28. Re2 Qc6 29. Bb4 Kf5 30. Re7 g5 31. d7 $18) 27. h3 $1 {
[%csl Gg1]} h5 28. Re2 Qc8 29. Bb4 $18) 22. Bb4 $1 (22. e5 $2 Bxg2 23. exf6 (
23. Kxg2 Qc6+ 24. f3 Nd7 $17) 23... Bb7 24. fxg7 Ra8 25. Qb6 Bf3 26. Rc1 e5 27.
Kf1 Ra2 $17) (22. Ba3 Ra8 23. Qe3 Ra4 24. e5 Nd5 $132) 22... Ra8 23. Qe3 Ra4
24. Bc3 Ne8 25. e5 Bxg2 26. Kxg2 b4 27. Bd4 $16 {[%csl Gd6,Re8]}) 20... exd5
21. Qxc5 Qg4 $2 $16 ({To White advantage led} 21... Qxc5 $6 22. Bxc5 Ra8 (22...
Rd8 23. Ra1 f6 {[%cal Gg8f7]} 24. Ra7 Rd7 25. Ra5 d4 (25... Bc6 26. Ra6 Bb7 27.
Rb6 $16) 26. Rxb5 (26. Bxd4 Rxd6 27. Rxb5 Be4 28. e3 Ra6 $44) 26... d3 27. exd3
cxd3 28. Rb4 Kf7 29. Rd4 Ba6 30. f3 $16) 23. e4 f6 24. exd5 (24. Bb6 Bc6 25.
exd5 Bd7 26. Kg2 Kf7 27. Re1 Re8 28. Ra1 Re5 29. Ra7 Ke8 30. Ra8+ Kf7 $11)
24... Kf7 25. Bb6 Bc8 26. Re1 $16) ({But} 21... Bc6 $1 22. Ra1 Rd8 23. Bd4 Rd7
$14 {was mimimize White advantage}) 22. Rd2 $2 $11 {Maybe time pressure was a
reason of mistakes?} (22. Qc7 $1 Qxe2 (22... Bc8 23. Rxd5 Bd7 24. Rd4 $16) 23.
Rd4 $16 {[%csl Rb7,Gd6][%cal Gd6d7]}) 22... Ra8 23. f3 Qh3 24. Rd1 Qe6 25. Kf2
Re8 26. Re1 (26. Rd2 $11) 26... b4 (26... Qh3 27. Kg1 Qd7 $11) 27. Bd4 {
[%csl Rb4]} h5 $2 $16 (27... b3 $11) 28. Qb5 (28. Qxb4 $16) 28... Bc8 29. e4 $2
$11 (29. Qxb4 $16) 29... Bd7 $2 (29... b3 30. Qxd5 Qxd5 31. exd5 Rxe1 32. Kxe1
Kf8 33. Kd2 g6 34. Kc3 Ba6 $11) 30. Qxd5 (30. Qxb4 Qh3 31. Kg1 dxe4 (31... h4
32. Bf2 dxe4 33. fxe4 hxg3 34. Bxg3 Qe6 $44) 32. fxe4 Bc6 33. Qxc4 Rxe4 (33...
Bxe4 34. Qe2 $16) 34. Rxe4 Bxe4 35. Qe2 Bc6 $44) 30... Qh3 $4 $18 {Lose
immediately} (30... Qxd5 31. exd5 Rxe1 32. Kxe1 $11) 31. Kg1 $2 $16 (31. Qg5 $1
{[%csl Rg7]} Qxh2+ 32. Ke3 f6 33. Bxf6 $18) 31... Qe6 32. Qxe6 (32. Qc5 $16)
32... Bxe6 33. Bc5 Rb8 34. Rd1 (34. Ra1 c3 35. bxc3 b3 36. Rb1 f6 (36... b2 37.
Bb4 $18) 37. Kf2 Kf7 $16) 34... f6 35. d7 (35. Kf2 $16) 35... Rd8 36. Rd6 (36.
Bxb4 Rxd7 37. Bd6 $16) 36... Kf7 37. Bxb4 Rxd7 38. Rc6 Rd1+ 39. Kf2 Rh1 (39...
g5 40. Bc3 $16) 40. Bc3 $2 {the last mistake} (40. Rc7+ {was keep advantage}
Kg6 41. Bf8 Bf7 42. Kg2 (42. f4 Rxh2+ 43. Ke3 Rxb2 44. f5+ Kh7 45. Rxf7 Kg8 46.
Rxg7+ Kxf8 $11) 42... Rb1 43. Ba3 $16) 40... Rxh2+ 41. Ke3 Rg2 42. Rc7+ Kf8 43.
e5 Rxg3 44. exf6 1/2-1/2